MARC details
| 000 -BAŞLIK |
| Sabit Uzunlukta Kontrol Alanı |
01233nam a22002897a 4500 |
| 999 ## - SİSTEM KONTROL NUMARALARI (KOHA) |
| Koha Biblionumber |
12716 |
| Koha Biblioitemnumber |
12716 |
| 003 - KONTROL NUMARASI IDENTIFIER |
| Denetim Alanı |
MIRAKIL |
| 005 - SON İŞLEM TARİHİ VE ZAMANI |
| Denetim Alanı |
20190208120332.0 |
| 008 - SABİT-BOY VERİ ELEMANLARI - GENEL BİLGİLER |
| Sabit Uzunlukta Kontrol Alanı |
190208b tu ||||| |||| 00| 0 tur d |
| 020 ## - ULUSLARARASI STANDART KİTAP NUMARASI |
| Uluslararası Standart Kitap Numarası |
9786053994688 |
| 040 ## - KATALOGLAMA KAYNAK |
| Orijinal Kataloglama Ajansı |
TR-AnCHP |
| Metne Dönüştürmek Ajansı |
TR-AnCHP |
| 041 ## - DİL KODU |
| Metin / Ses Parça Veya Ayrı Başlığın Dil Kodu |
tur |
| 082 ## - DEWEY ONLU SINIFLANDIRMA NUMARASI |
| Sınıflandırma Numarası |
305.40561 |
| Ürün Numarası |
K22 2017 |
| 245 10 - BAŞLIK TABLOSU |
| Başlık |
Kadınsız kentler : |
| Başlığın Kalan |
toplumsal cinsiyet açısından belediyelerin politika ve bütçeleri / |
| Sorumluluk Tablosu, Vb |
Gülay Günlük Şenesen, Yelda Yücel, Ayşegül Yakar Önal, ... [ve öte.] |
| 246 ## - UNVAN FORM VARYING |
| Başlık Doğru / Kısa Başlığı |
toplumsal cinsiyet açısından belediyelerin politika ve bütçeleri |
| 260 ## - YAYIN, DAĞITIM, VB |
| Yayın, Dağıtım, Vb Yeri |
İstanbul: |
| Yayıncı, Dağıtıcı, Vs Adı |
İstanbul Bilgi Üniversitesi Yayınları, |
| Yayın, Dağıtım, Vb Tarihi |
2017. |
| 300 ## - FİZİKSEL TANIM |
| Kapsam |
xix, 406 s.: |
| Diğer Fiziksel Ayrıntıları |
grf., hrt.; |
| Boyutlar |
23 sm. |
| 490 0# - SERİSİ TABLOSU |
| Seri Beyanı |
İstanbul Bilgi Üniversitesi yayınları ; |
| -- |
Araştırma ; |
| Hacim / Ardışık Tanımı |
587. |
| -- |
10. |
| 504 ## - KAYNAKÇA VB NOT |
| Kaynakça Vb Notu |
Kaynakça ve dizin vardır. |
| 650 #0 - KONU KATMA GİRİŞ - TOPİKAL DÖNEM |
| 9 (RLIN) |
569 |
| Topikal Süreli Veya Coğrafi Ad Giriş Elemanı |
Kadınlar |
| Genel Alt Bölümü |
Türkiye |
| 650 #0 - KONU KATMA GİRİŞ - TOPİKAL DÖNEM |
| 9 (RLIN) |
568 |
| Topikal Süreli Veya Coğrafi Ad Giriş Elemanı |
Kadınlar |
| Genel Alt Bölümü |
Siyasete katılım |
| Coğrafi Alt Bölümü |
Türkiye |
| 650 #0 - KONU KATMA GİRİŞ - TOPİKAL DÖNEM |
| 9 (RLIN) |
977 |
| Topikal Süreli Veya Coğrafi Ad Giriş Elemanı |
Yerel yönetimler |
| Genel Alt Bölümü |
Ekonomik koşullar |
| -- |
Kadınlar |
| Coğrafi Alt Bölümü |
Türkiye |
| 700 ## - KATMA GİRİŞ - KİŞİSEL İSİM |
| 9 (RLIN) |
5158 |
| Kişisel Ad |
Şenesen, Gülay Günlük |
| 700 ## - KATMA GİRİŞ - KİŞİSEL İSİM |
| 9 (RLIN) |
5159 |
| Kişisel Ad |
Yücel, Yelda |
| 700 ## - KATMA GİRİŞ - KİŞİSEL İSİM |
| 9 (RLIN) |
5160 |
| Kişisel Ad |
Önal, Ayşegül Yakar |
| 740 ## - KATMA GİRİŞ - KONTROLSUZ İLGİLİ / ANALİTİK BAŞLIK |
| Kontrol Edilmeyen / İlgili Analitik Başlıktaki |
toplumsal cinsiyet açısından belediyelerin politika ve bütçeleri |
| 942 ## - EKLENDİ GİRİŞ ELEMANLARI (KOHA) |
| Sınıflandırma Veya Raf Düzeni Kaynak |
Dewey Decimal Classification |
| Koha Öğesi Türü |
Books |